CORE JAVA (Record no. 59499)
[ view plain ]
| 000 -LEADER | |
|---|---|
| fixed length control field | 00321nam a22001457a 4500 |
| 008 - FIXED-LENGTH DATA ELEMENTS--GENERAL INFORMATION | |
| fixed length control field | 230404b ||||| |||| 00| 0 eng d |
| 020 ## - INTERNATIONAL STANDARD BOOK NUMBER | |
| International Standard Book Number | 9780137081899 |
| 041 ## - LANGUAGE CODE | |
| Language code of text/sound track or separate title | eng |
| 080 ## - UNIVERSAL DECIMAL CLASSIFICATION NUMBER | |
| Edition identifier | NINTH EDITION |
| Universal Decimal Classification number | 004 |
| 082 ## - DEWEY DECIMAL CLASSIFICATION NUMBER | |
| Classification number | 004HOR |
| 100 ## - Rafti | |
| Rafti | 18 |
| 101 ## - Shkurtesa | |
| Shkurtesa | SHKP |
| 245 ## - TITLE STATEMENT | |
| Title | CORE JAVA |
| Statement of responsibility, etc | HORSTMANN.S.C |
| 942 ## - ADDED ENTRY ELEMENTS (KOHA) | |
| Source of classification or shelving scheme | |
| Item type | Books |
| Withdrawn status | Lost status | Source of classification or shelving scheme | Damaged status | Not for loan | Collection code | Permanent location | Current location | Date acquired | Total Checkouts | Full call number | Barcode | Date last seen | Price effective from | Koha item type |
|---|---|---|---|---|---|---|---|---|---|---|---|---|---|---|
| Koleksioni i përgjithshem | UBT - Lipjan | UBT - Lipjan | 04/04/2023 | 004HOR | 002-80004051 | 04/04/2023 | 04/04/2023 | Books | ||||||
| Koleksioni i përgjithshem | UBT - Lipjan | UBT - Lipjan | 04/04/2023 | 004HOR | 002-80004052 | 04/04/2023 | 04/04/2023 | Books | ||||||
| Koleksioni i përgjithshem | UBT - Lipjan | UBT - Lipjan | 04/04/2023 | 004HOR | 002-80004053 | 04/04/2023 | 04/04/2023 | Books | ||||||
| UBT - Prishtine | UBT - Prishtine | 04/04/2023 | 004HOR | 002-80004054 | 04/04/2023 | 04/04/2023 | Books | |||||||
| UBT - Prishtine | UBT - Prishtine | 04/04/2023 | 004HOR | 002-80004055 | 04/04/2023 | 04/04/2023 | Books |